00342nam a2200157Ia 4500008004100000082002100041100000600062245002200068250000600090260002400096300000800120600000600128630002200134700000600156730002200162151018s9999 xx 000 0 und d bRBASDV14256a900 a- aPrehistoric India b1 bPenguin Booksc1937 a279 a- aPrehistoric India a- aPrehistoric India